People's participation in decentralised planning (Record no. 52427)

000 -LEADER
fixed length control field 01479pab a2200169 454500
008 - FIXED-LENGTH DATA ELEMENTS--GENERAL INFORMATION
fixed length control field 180718b2002 xxu||||| |||| 00| 0 eng d
100 ## - MAIN ENTRY--PERSONAL NAME
Personal name Diwan, G.R.
245 ## - TITLE STATEMENT
Title People's participation in decentralised planning
260 ## - PUBLICATION, DISTRIBUTION, ETC.
Date of publication, distribution, etc. 2002
300 ## - PHYSICAL DESCRIPTION
Extent p.17-29.
362 ## - DATES OF PUBLICATION AND/OR SEQUENTIAL DESIGNATION
Dates of publication and/or sequential designation Jun
520 ## - SUMMARY, ETC.
Summary, etc. Indian Union does not fit into any of the accepted federal models. Our pluralism is not territory based. Our diversities are within and cut across territorial units and in a sense, they are our greatest strength and cementing force for national unity. The central problem is not of union - state relations now but of greater decentralisation of economic and political powers to lower and lower level, with several tiers of functioning and people at grassroots having real power, with the system growing up from there rather than coming down from above. So far independence has not meant transfer of power to the people. They have yet to feel the glow of freedom. It is doubtful whether the constitutional amendments on Panchayat Raj and Nagarpalikas have been able to bring about the needed transformations. The only way to strengthen the Union is to make it lose its extra weight; to shed its monopoly of power in all areas and concentrate on essentials. With economic liberation must come decentralisation of political power and Management. - Reproduced.
650 ## - SUBJECT ADDED ENTRY--TOPICAL TERM
Topical term or geographic name entry element Panchayat
650 ## - SUBJECT ADDED ENTRY--TOPICAL TERM
Topical term or geographic name entry element Decentralization
773 ## - HOST ITEM ENTRY
Main entry heading Indian Journal of Regional Science
909 ## -
-- 52427
Holdings
Withdrawn status Lost status Damaged status Not for loan Permanent Location Current Location Date acquired Serial Enumeration / chronology Barcode Date last seen Price effective from Koha item type
        Indian Institute of Public Administration Indian Institute of Public Administration 2018-07-19 Volume no: 34, Issue no: 1 AR52857 2018-07-19 2018-07-19 Articles

Powered by Koha